00893cam a2200241 a 450000100100000000500170001000800410002702000150006803500190008303500200010203500150012204000300013708200210016710000280018824501490021626000510036530000350041649000370045158600400048850400570052865000290058583000370061400001446320200929163844.0951120s1995 ck a b 000 0 spa d a9586122158 a(DLC) 95224965 a(OCoLC)33925506 zBLC 199512 aDO-SdBNPbspacBNPHUdDLC a306.44089bT829d1 aTrillos Amaya, María.10aDeixis, tiempo y espacio en damana :bel proceso y sus circunstancias en una lengua de la Sierra Nevada de Santa Marta /cMaría Trillos Amaya. a[Santafé de Bogotá] :bColcultura,cc1995. axviii, 138 p. :bil. ;c21 cm.1 aAntropología/etnolinguística aPremios nacionales de cultura, 1994 aIncluye referencias bibliográficas: (p. [137]-138) 0aDamana (lengua indigena) 0aAntropología/etnolinguística